Sociálna situácia domácností - analýza výsledkov zisťovania. 1
Analýza subjektívneho hodnotenia situácie domácností. Analýza z hľadiska sociálnej štruktúry, podľa veku hlavy domácnosti, podľa typu obce.
Saved in:
| Main Author: | |
|---|---|
| Other Authors: | , |
| Format: | Book Chapter |
| Language: | Slovak |
| Subjects: | |
| Tags: |
No Tags, Be the first to tag this record!
|
MARC
| LEADER | 00000naa a2200000 4500 | ||
|---|---|---|---|
| 001 | r021367 | ||
| 005 | 20230906071852.3 | ||
| 041 | 0 | |a slo | |
| 044 | |a SK | ||
| 245 | 1 | 0 | |a Sociálna situácia domácností - analýza výsledkov zisťovania. 1 |c M. Horecký, Yvonna Kováčová, E. Roháčová |
| 520 | |a Analýza subjektívneho hodnotenia situácie domácností. Analýza z hľadiska sociálnej štruktúry, podľa veku hlavy domácnosti, podľa typu obce. | ||
| 610 | 2 | 0 | |a situácia sociálna |
| 610 | 2 | 0 | |a domácnosti |
| 610 | 2 | 0 | |a údaje štatistické |
| 610 | 2 | 0 | |a štatistika |
| 610 | 2 | 0 | |a analýza štatistická |
| 100 | 1 | |a Horecký, Marián | |
| 700 | 1 | |a Roháčová, Eva | |
| 700 | 1 | |a Kováčová, Yvonna | |